• 首页
  • 本馆介绍
  • 公告通知
  • 最新文献
  • 馆藏检索
  • 电子资源
  • 读者导购
  • 参考咨询
  • 我的图书馆
  • 登录
  • 详细信息显示
  • 放入我的书架
  • 预约/预借图书
  • 作者相关作品
  • 分类相关作品
  • 丛书相关作品
  • 出版社相关作品

书目信息

  • 表格格式
  • 工作单格式
  • 卡片格式
题名:
旅游资源开发与管理
    
 
作者: 邓爱民 , 张大鹏 主编
分册:  
出版信息: 北京   中国旅游出版社  2016.02
页数: 236页
开本: 26cm
丛书名: 中国旅游业普通高等教育应用型规划教材
单 册:
中图分类: F590.3 , F590
科图分类:
主题词: 旅游资源开发--lu^ you zi yuan kai fa--高等教育--教材 , 旅游资源--lu^ you zi yuan--资源管理--高等教育--教材
电子资源:
ISBN: 978-7-5032-5443-7
000 01152nam 2200277 450
001 2328450453
005 20231124075428.58
010    @a978-7-5032-5443-7@dCNY36.80
100    @a20151202d2016 em y0chiy50 ea
101 0  @achi
102    @aCN@b110000
105    @ak z 000yy
200 1  @a旅游资源开发与管理@Alu^ you zi yuan kai fa yu guan li@f主编邓爱民, 张大鹏
210    @a北京@c中国旅游出版社@d2016.02
215    @a236页@d26cm
225 2  @a中国旅游业普通高等教育应用型规划教材@Azhong guo lu^ you ye pu tong gao deng jiao yu ying yong xing gui hua jiao cai
330    @a本书共13章内容, 围绕旅游资源管理所涉及的各个环节、要素进行系统阐述, 包括旅游资源调查与评价管理、产权管理、开发管理、整合管理、质量管理、环境管理、保护管理、信息管理及可持续发展管理等。
410  0 @12001 @a中国旅游业普通高等教育应用型规划教材
606 0  @a旅游资源开发@Alu^ you zi yuan kai fa@x高等教育@j教材
606 0  @a旅游资源@Alu^ you zi yuan@x资源管理@x高等教育@j教材
690    @aF590.3@v5
690    @aF590@v4
701  0 @a邓爱民@Adeng ai min@4主编
701  0 @a张大鹏@Azhang da peng@4主编
801  0 @aCN@b人天书店@c20151202
905    @aBZT@dF590@e42
    
    旅游资源开发与管理/主编邓爱民, 张大鹏.-北京:中国旅游出版社,2016.02
    236页;26cm.-(中国旅游业普通高等教育应用型规划教材)
    
    
    ISBN 978-7-5032-5443-7:CNY36.80
    本书共13章内容, 围绕旅游资源管理所涉及的各个环节、要素进行系统阐述, 包括旅游资源调查与评价管理、产权管理、开发管理、整合管理、质量管理、环境管理、保护管理、信息管理及可持续发展管理等。
●
相关链接 在五车中查询图书 在当当中查询图书 在豆瓣中查询图书


正题名:旅游资源开发与管理     索取号:F590/42         预约/预借

序号 登录号 条形码 馆藏地/架位号 状态 备注
1 2001108473   2001108473   东辅楼二楼书库/ [索取号:F590/42] 在馆    
2 2001108474   2001108474   东辅楼二楼书库/ [索取号:F590/42] 在馆    
3 2001108475   2001108475   东辅楼二楼书库/ [索取号:F590/42] 在馆    
4 2001108476   2001108476   东辅楼二楼书库/ [索取号:F590/42] 在馆    
5 2001108477   2001108477   东辅楼二楼书库/ [索取号:F590/42] 在馆    
6 2001108478   2001108478   东辅楼二楼书库/ [索取号:F590/42] 在馆    
7 2001108479   2001108479   东辅楼二楼书库/ [索取号:F590/42] 在馆    
8 2001108480   2001108480   东辅楼二楼书库/ [索取号:F590/42] 在馆    
9 2001108481   2001108481   东辅楼二楼书库/ [索取号:F590/42] 在馆    
10 2001108482   2001108482   东辅楼二楼书库/ [索取号:F590/42] 在馆    
11 2001108483   2001108483   东辅楼二楼书库/ [索取号:F590/42] 在馆    
12 2001108484   2001108484   东辅楼二楼书库/ [索取号:F590/42] 在馆    
13 2001108485   2001108485   东辅楼二楼书库/ [索取号:F590/42] 在馆    
14 2001108486   2001108486   东辅楼二楼书库/ [索取号:F590/42] 在馆    
15 2001108487   2001108487   东辅楼二楼书库/ [索取号:F590/42] 在馆    
16 2001108488   2001108488   东辅楼二楼书库/ [索取号:F590/42] 在馆    
17 2001108489   2001108489   东辅楼二楼书库/ [索取号:F590/42] 在馆    
18 2001108490   2001108490   东辅楼二楼书库/ [索取号:F590/42] 在馆    
19 2001108491   2001108491   东辅楼二楼书库/ [索取号:F590/42] 在馆    
20 2001108492   2001108492   东辅楼二楼书库/ [索取号:F590/42] 在馆    
21 2001108493   2001108493   东辅楼二楼书库/ [索取号:F590/42] 在馆    
22 2001108494   2001108494   东辅楼二楼书库/ [索取号:F590/42] 在馆    
23 2001108495   2001108495   东辅楼二楼书库/ [索取号:F590/42] 在馆    
24 2001108496   2001108496   东辅楼二楼书库/ [索取号:F590/42] 在馆    
25 2001108497   2001108497   东辅楼二楼书库/ [索取号:F590/42] 在馆    
26 2001108498   2001108498   东辅楼二楼书库/ [索取号:F590/42] 在馆    
27 2001108499   2001108499   东辅楼二楼书库/ [索取号:F590/42] 在馆    
28 2001108500   2001108500   东辅楼二楼书库/ [索取号:F590/42] 在馆    
29 2001108501   2001108501   东辅楼二楼书库/ [索取号:F590/42] 在馆    
30 2001108502   2001108502   东辅楼二楼书库/ [索取号:F590/42] 在馆    
山东省滨州职业学院图书馆 欢迎您!
大连网信软件有限公司© 版权所有